000 01327nam a2200265 a 4500
001 000025430
005 20200930023801.0
008 110216s1990 dr ad 000 0 spa d
040 _aDO-SdBNP
_bspa
_cBNPHU
041 1 7 _aspa
_heng
082 _a467.97293
_bM496a
100 1 _aMegenney, William W.
_952035
245 1 0 _aAfrica en Santo Domingo :
_bsu herencia lingüística /
_cWilliam W. Megenney.
260 _aSanto Domingo :
_bMuseo del Hombre Dominicano :
_bAcademia de Ciencias de la República Dominicana,
_c1990.
_fTiempo
300 _a252 p. :
_bil., gráfcs., tablas ;
_c22 cm.
500 _aIncluye bibliografía y notas al final de capítulos.
504 _aBibliografía : p. 237-250
505 0 _aIntroducción --
_tLa trata esclavista entre el África y El Caribe --
_tLa sociolingüística --
_tFonología, morfología, sintaxis, entonación --
_tLéxico de posible origen africano --
_tOtro léxico --
_gConclusiones --
_gBibliografía --
_tLista de las lenguas subsaharianas incluidas en el libro y los países en donde se hablan.
590 _aInventariado, 2018/LP
650 4 _aEspañol
_xDialectos
_zRepública Dominicana
_918732
650 4 _aLenguas africanas
_934576
650 4 _aLenguaje y lenguas
_9407
650 4 _aAfricanos
_zRepública Dominicana
_940536
910 _aValidado. Control de calidad EMS
999 _c24922
_d24922